Cartilla de administración municipal (Registro nro. 303481)

Detalles MARC
000 -ENCABEZADO
Número de control [NR] 00855 a2200217 4500
005 - FECHA Y HORA DE LA ÚLTIMA TRANSACCIÓN
control field 20160525084507.0
008 - DE LONGITUD FIJA DE DATOS DE ELEMENTOS - INFORMACIÓN GENERAL
Elementos de longitud fija [NR] 160525s ck d|||fr|||| 000 0 spa d
020 ## - NUMERO INTERNACIONAL NORMALIZADO PARA LIBROS [R]
Número Internacional Normalizado del libro [NR] 9789588722894
040 ## - FUENTE DE CATALOGACION [NR]
Agencia de catalogación original [NR] CO-BoUCM
Idioma de catalogación [NR] spa
Quien Cataloga Saul Niño
Quien Clasifica Saul Niño
041 0# - CODIGO DE IDIOMA [R]
Código de idioma para texto/pista de sonido o título separado [R] Español
100 1# - ASIENTO PRINCIPAL--NOMBRE PERSONAL [NR]
Nombre personal [NR] Ramírez, Germán
ID Autoridad 77402
245 ## - MENCION DE TITULO [NR]
Título [NR] Cartilla de administración municipal
Mención de responsabilidad, etc. [NR] Germán Ramírez
260 ## - PUBLICACION, DISTRIBUCION, ETC. (PIE DE IMPRENTA) [R]
Lugar de publicación, distribución, etc. [R] Bogotá (Colombia)
Nombre del editor, distribuidor, etc. [R] Colegio de Estudios Superiores de Administración (CESA)
Fecha de publicación, distribución, etc. [R] 2015
300 ## - DESCRIPCION FISICA [R]
Extensión [R] 183 páginas
Otros detalles físicos [NR] gráficas
Material acompañante [NR] CD-ROM
650 #7 - ASIENTO SECUNDARIO DE MATERIA - TERMINO TEMATICO [R]
Término temático o nombre geográfico como elemento de entrada [NR] Administración municipal
Subdivisión geográfica [R] Colombia
9 (RLIN) 30832
650 #7 - ASIENTO SECUNDARIO DE MATERIA - TERMINO TEMATICO [R]
9 (RLIN) 21618
Término temático o nombre geográfico como elemento de entrada [NR] Planeación de los recursos humanos
Subdivisión geográfica [R] Colombia
650 #7 - ASIENTO SECUNDARIO DE MATERIA - TERMINO TEMATICO [R]
9 (RLIN) 25507
Término temático o nombre geográfico como elemento de entrada [NR] Toma de decisiones en administración pública
Subdivisión geográfica [R] Colombia
690 #0 - ASUNTO AGREGADO LOCAL DE ENTRADA - TÉRMINO TEMÁTICO (OCLC, RLIN)
Acceso temático local Administración pública
9 (RLIN) 355
942 ## - ELEMENTOS DE ENTRADA AGREGADOS (KOHA)
Tipo de ítem principal el descrito en 300a Libro
Sistema de clasificación DEWEY
Tema principal Administración
Edición 1
Clasificación 352.0072
Parte restante de la signatura top. R173ca
Existencias
Fecha de último préstamo Total préstamos Total Renewals Signatura topográfica Código de barras Última vez visto Ejemplar Costo de reposición Price effective from Tipo de ítem Perdido Sistema de clasificación Dañado No prestable Tipo de ítem específico Suprimido Ubicación habitual Ubicación actual Localización Fecha de creación Proveedor Forma de adquisición Costo Volúmen / Fascículo
      352.0072 R173ca 100149702 16/06/2023 Ej.2 26000.00 23/05/2016 Multimedia   LOCAL     CD-Rom   Bodega Bodega Préstamo 4 días después de solicitado 23/05/2016 12 Donación 0.00 CD-ROM
16/07/2025 2 2 352.0072 R173ca 100149701 09/12/2025 Ej.1 26000.00 23/05/2016 Libro   DEWEY     Libro   Claustro Claustro 2do piso 23/05/2016 12 Donación 0.00